UBT Library

Anatomy and Physiology of Farm Animals (Record no. 58093)

000 -LEADER
fixed length control field 00335nam a22001457a 4500
008 - FIXED-LENGTH DATA ELEMENTS--GENERAL INFORMATION
fixed length control field 210609b ||||| |||| 00| 0 eng d
020 ## - INTERNATIONAL STANDARD BOOK NUMBER
International Standard Book Number 9780812114355
041 ## - LANGUAGE CODE
Language code of text/sound track or separate title eng
080 ## - UNIVERSAL DECIMAL CLASSIFICATION NUMBER
Edition identifier 5th
Universal Decimal Classification number 591
082 ## - DEWEY DECIMAL CLASSIFICATION NUMBER
Classification number 591
100 ## - Rafti
Rafti 7
101 ## - Shkurtesa
Shkurtesa ZOO
245 ## - TITLE STATEMENT
Title Anatomy and Physiology of Farm Animals
Statement of responsibility, etc Frandson,R.D
942 ## - ADDED ENTRY ELEMENTS (KOHA)
Source of classification or shelving scheme
Item type Books
Holdings
Withdrawn status Lost status Source of classification or shelving scheme Damaged status Not for loan Collection code Permanent location Current location Shelving location Date acquired Total Checkouts Full call number Barcode Date last seen Price effective from Koha item type
          Koleksioni i përgjithshem UBT - Lipjan UBT - Lipjan Koleksioni i përgjithshem 06/09/2021   591 FRA 002-7004122 06/09/2021 06/09/2021 Books
UBT Library © 2015-2024. All rights reserved University Education for Business and Technology